01169cam a2200253 a 450000500170000000800410001702000150005804000250007304100080009804400070010608200180011311000320013124501600016326000670032330000500039050400580044065000740049865000750057265000730064765000520072065000640077265000520083671000270088820171004020002.0140311b ck abdogr|||| 00| 0 spa d a9589703542 aCO-BoIAVHcCO-BoIAVH aspa ack a333.715bN28e2 aFundación Natura Colombia10aEstrategia de desarrollo sostenible corredor de conservación bGuantiva - La Rusia - Iguaque Boyacá - Santander / ColombiacFundación Natura Colombia3 aBogotábFundación Natura ColombiabNature Conservancyc[?] a92 páginasbil., fot., mapas, tablasc33 cm aIncluye bibliografía (páginas 77 - 79) y glosario 4aDesarrollo sosteniblexInvestigacioneszGuantiva (Boyacá, Colombia) 4aDesarrollo sosteniblexInvestigacioneszLa Rusia (Santander, Colombia) 4aDesarrollo sosteniblexInvestigacioneszIguaque (Boyacá, Colombia) 4aEconomía ambientalxInvestigacioneszColombia 4aConservación del medio ambientxInvestigacioneszColombia 4aPolítica ambientalxInvestigacioneszColombia2 aThe Nature Conservancy